| 000 | 00351nam a2200145Ia 4500 | ||
|---|---|---|---|
| 008 | 150201s2012 xx 000 0 und d | ||
| 082 |
_a614 _bE12R |
||
| 100 | _aROTHMAN, KENNETH J. | ||
| 245 | _aEPIDEMOLOGY : AN INTRODUCATION | ||
| 250 | _a2ND | ||
| 260 |
_bOXFORD _aNEW YORK _c2012 |
||
| 300 | _a1-268 | ||
| 650 | _aEPIDEMOLOGY | ||
| 942 |
_2ddc _cBK _03 |
||
| 999 |
_c1786 _d1786 |
||